Δημογραφικές εξελίξεις και προοπτικές στην Ν. Α. Ευρώπη

Αποθηκεύτηκε σε:
Λεπτομέρειες βιβλιογραφικής εγγραφής
Κύριος συγγραφέας: Κοτζαμάνης, Βύρων
Συγγραφή απο Οργανισμό/Αρχή: Πανεπιστήμιο θεσσαλίας Εργαστήριο Δημογραφικών και Κοινωνικών Αναλύσεων Τμήμα Μηχανικών Χωροταξίας, Πολεοδομίας και Περιφερειακής Ανάπτυξης
Μορφή: Βιβλίο
Γλώσσα:Greek
English
Δημοσίευση: Βόλος : Πανεπιστήμιο Θεσσαλίας, Τμήμα Μηχανικών Χωροταξίας, Πολεοδομίας και Περιφερειακής Ανάπτυξης, Εργαστήριο Δημογραφικών και Κοινωνικών Αναλύσεων, 2001
Σειρά:Σειρά ερευνητικών εργασιών ; ; 1
Θέματα:
Ετικέτες: Προσθήκη ετικέτας
Δεν υπάρχουν, Καταχωρήστε ετικέτα πρώτοι!

MARC

LEADER 00000cam a2200000 i 4500
001 1/83805
008 050823s2001 gre d
035 |l 10079865 
040 |a GR-MY-UA  |b gre  |e aacr 
041 0 |a gre  |a eng 
082 0 |a 304.609496  |2 (22) 
100 1 |a Κοτζαμάνης, Βύρων. 
245 1 0 |a Δημογραφικές εξελίξεις και προοπτικές στην Ν. Α. Ευρώπη /  |c Βύρων Κοτζαμάνης 
260 |a Βόλος :   |b Πανεπιστήμιο Θεσσαλίας, Τμήμα Μηχανικών Χωροταξίας, Πολεοδομίας και Περιφερειακής Ανάπτυξης, Εργαστήριο Δημογραφικών και Κοινωνικών Αναλύσεων,   |c 2001 
300 |a 30 σ.;  |b εικ.;  |c 29 εκ. 
490 1 |a Σειρά ερευνητικών εργασιών  |v ; 1 
504 |a Περιλαμβάνει βιβλιογραφία 
650 0 0 |a Demography  |z Balkan Peninsula. 
651 0 |a Balkan Peninsula  |x Population. 
710 2 |a Πανεπιστήμιο θεσσαλίας Εργαστήριο Δημογραφικών και Κοινωνικών Αναλύσεων  |b Τμήμα Μηχανικών Χωροταξίας, Πολεοδομίας και Περιφερειακής Ανάπτυξης. 
830 0 |a Σειρά ερευνητικών εργασιών ;  |v ; 1 
852 |a INST  |b CHIOS  |e 20050823  |h 304.609496 ΚΟΤ  |p 005200023090  |q 005200023090  |t BK  |y 0 
901 |a BIBL2-2005-2 
909 |a Χ  |b 109007 
970 |a ΧΑΖΙΡΗ  |b ΑΝΝΑ  |z 2005/08/23